[Event "Madrid ch Final"]
[Site "Madrid ESP"]
[Date "2005.03.17"]
[Round "10.6"]
[White "Vazquez, Renier"]
[Black "Ballesteros Gonzalez, David"]
[Result "1-0"]
[WhiteElo "2479"]
[BlackElo "2247"]
[PlyCount "101"]
[EventDate "2005.03.02"]
[EventType "tourn"]
[EventRounds "11"]
[EventCountry "ESP"]
[Source "lmi"]
[SourceDate "2005.03.20"]

1. e4 g6 2. Nf3 Bg7 3. d4 d6 4. c4 Nf6 5. Nc3 O-O 6. Be2 e5 7. d5 Na6 8. Bg5 h6
9. Bh4 g5 10. Bg3 Nc5 11. Nd2 a5 12. O-O Bd7 13. b3 c6 14. a3 Na6 15. Qc2 Qe7
16. Rab1 Rfc8 17. Rfe1 c5 18. Nf1 h5 19. f3 Bh6 20. Bf2 Kh8 21. Ne3 Rg8 22. g4
h4 23. Nb5 Ne8 24. Qd2 b6 25. Nc2 Kh7 26. b4 axb4 27. axb4 Nf6 28. Kh1 Rgc8 29.
Rg1 Rg8 30. Ra1 Ne8 31. bxc5 bxc5 32. Ra5 Bc8 33. Rga1 Qf6 34. Be3 Bf8 35. R5a4
Be7 36. R1a3 Bb7 37. Qc1 Nec7 38. Qa1 Qh8 39. Bd2 Rgc8 40. Ne3 Nxb5 41. cxb5
Nb4 42. Ra7 Rxa7 43. Rxa7 Rb8 44. Qc1 Qd8 45. Nf5 Bf6 46. Bc4 Qb6 47. Bxg5 Bg7
48. Ra1 Ra8 49. Rxa8 Bxa8 50. Bh6 Bh8 51. Bf8 1-0

[Event "Madrid ch Final"]
[Site "Madrid ESP"]
[Date "2005.03.18"]
[Round "11.1"]
[White "Ballesteros Gonzalez, David"]
[Black "Roa Alonso, Santiago"]
[Result "1/2-1/2"]
[WhiteElo "2247"]
[BlackElo "2360"]
[PlyCount "59"]
[EventDate "2005.03.02"]
[EventType "tourn"]
[EventRounds "11"]
[EventCountry "ESP"]
[Source "lmi"]
[SourceDate "2005.03.20"]

1. d4 d5 2. c4 e6 3. Nc3 Nf6 4. Nf3 Be7 5. Bg5 O-O 6. e3 h6 7. Bh4 b6 8. Bd3
Bb7 9. O-O dxc4 10. Bxc4 Ne4 11. Bxe7 Qxe7 12. Rc1 Nd7 13. Nxe4 Bxe4 14. Bd3
Bxd3 15. Qxd3 c5 16. dxc5 Nxc5 17. Qb5 Rfd8 18. Rfd1 Rxd1+ 19. Rxd1 Rd8 20. Qe2
g6 21. h3 Qf6 22. Rd4 Rxd4 23. exd4 Nd7 24. Qa6 Qf4 25. Qxa7 Qc1+ 26. Kh2 Qf4+
27. Kh1 Qc1+ 28. Ng1 Qc6 29. a4 Nf6 30. b4 1/2-1/2

[Event "Madrid ch Final"]
[Site "Madrid ESP"]
[Date "2005.03.18"]
[Round "11.3"]
[White "Moreno Ruiz, Javier"]
[Black "Cortes Jurado, Rafael"]
[Result "1-0"]
[WhiteElo "2485"]
[BlackElo "2091"]
[PlyCount "75"]
[EventDate "2005.03.02"]
[EventType "tourn"]
[EventRounds "11"]
[EventCountry "ESP"]
[Source "lmi"]
[SourceDate "2005.03.20"]

1. d4 Nf6 2. c4 e6 3. Nc3 Bb4 4. e3 c5 5. Bd3 O-O 6. Nge2 b6 7. O-O Bb7 8. d5
b5 9. dxe6 bxc4 10. exf7+ Kh8 11. Bxc4 d5 12. Bb3 Rxf7 13. e4 Rd7 14. exd5 Nxd5
15. Nxd5 Bxd5 16. Bxd5 Rxd5 17. Qa4 Nd7 18. Be3 Nb6 19. Qc2 Bd2 20. Rad1 Bxe3
21. fxe3 Qe7 22. e4 Re5 23. Nc3 h6 24. Rf3 Rd8 25. Rxd8+ Qxd8 26. Rd3 Qg5 27.
Qd2 Qe7 28. Qf4 Nc4 29. Rd5 Rxd5 30. Nxd5 Qe6 31. h3 Kh7 32. b3 Nd6 33. Nc7 Qg6
34. e5 Nf5 35. e6 Ng3 36. Kh2 Ne2 37. Qe5 Qd3 38. e7 1-0

[Event "Madrid ch Final"]
[Site "Madrid ESP"]
[Date "2005.03.18"]
[Round "11.4"]
[White "Franco Alonso, Alejandro"]
[Black "De la Fuente Gonzalez, Francisco"]
[Result "1-0"]
[WhiteElo "2387"]
[BlackElo "2211"]
[PlyCount "47"]
[EventDate "2005.03.02"]
[EventType "tourn"]
[EventRounds "11"]
[EventCountry "ESP"]
[Source "lmi"]
[SourceDate "2005.03.20"]

1. d4 d5 2. c4 c6 3. Nf3 Nf6 4. Qc2 e6 5. g3 Be7 6. Bg2 O-O 7. O-O Nbd7 8. Rd1
Ne4 9. Nfd2 Nxd2 10. Nxd2 Bf6 11. Nf3 Qe7 12. e4 dxe4 13. Qxe4 c5 14. Be3 cxd4
15. Bxd4 Bxd4 16. Nxd4 Nc5 17. Qe5 f6 18. Nf5 fxe5 19. Nxe7+ Kh8 20. b4 Na4 21.
Rd2 g6 22. c5 Rb8 23. Re1 Re8 24. Nxc8 1-0

[Event "Madrid ch Final"]
[Site "Madrid ESP"]
[Date "2005.03.18"]
[Round "11.5"]
[White "Almagro Llanas, Pablo"]
[Black "Alvarez Abejon, Amilcar"]
[Result "1/2-1/2"]
[WhiteElo "2350"]
[BlackElo "2129"]
[PlyCount "90"]
[EventDate "2005.03.02"]
[EventType "tourn"]
[EventRounds "11"]
[EventCountry "ESP"]
[Source "lmi"]
[SourceDate "2005.03.20"]

1. e4 e5 2. Nf3 Nc6 3. Bb5 a6 4. Ba4 Nf6 5. O-O Be7 6. Re1 b5 7. Bb3 d6 8. c3
O-O 9. h3 Bb7 10. d4 Re8 11. Nbd2 Bf8 12. a3 Nb8 13. dxe5 dxe5 14. Ng5 Re7 15.
Ndf3 Qxd1 16. Rxd1 c5 17. Bxf7+ Rxf7 18. Nxf7 Kxf7 19. Nxe5+ Ke6 20. Bf4 Bxe4
21. f3 Nc6 22. Ng4 Nxg4 23. hxg4 Bg6 24. Bg5 c4 25. Rd2 Bc5+ 26. Kh1 Bd3 27. b4
Bd6 28. a4 Be5 29. axb5 Bxc3 30. Rxa6 Rxa6 31. bxa6 Bxd2 32. Bxd2 c3 33. Bxc3
g6 34. Kh2 Bxa6 35. Kg3 Ne7 36. Bd2 Nd5 37. Kh4 Bf1 38. Kg3 Ke5 39. Kf2 Bb5 40.
Kg3 Kd4 41. Kh4 Kd3 42. Bc1 Ke2 43. Kg5 Nxb4 44. Kh6 Kf2 45. Kxh7 Kxg2 1/2-1/2

[Event "Madrid ch Final"]
[Site "Madrid ESP"]
[Date "2005.03.18"]
[Round "11.6"]
[White "Salgado Lopez, Oscar"]
[Black "Barez Menendez, Hector"]
[Result "1-0"]
[WhiteElo "2138"]
[BlackElo "2206"]
[PlyCount "87"]
[EventDate "2005.03.02"]
[EventType "tourn"]
[EventRounds "11"]
[EventCountry "ESP"]
[Source "lmi"]
[SourceDate "2005.03.20"]

1. e4 e5 2. Nf3 Nc6 3. Nc3 Nf6 4. d4 Bb4 5. Nxe5 Nxe4 6. Qg4 Nxc3 7. Qxg7 Rf8
8. a3 Nxd4 9. axb4 Nxc2+ 10. Kd2 Nxa1 11. Kxc3 Qe7 12. Bh6 a5 13. Qxf8+ Qxf8
14. Bxf8 Kxf8 15. b5 a4 16. Bc4 Nb3 17. Nxf7 Na5 18. Ba2 Nb3 19. Ng5 h6 20. Ne4
d6 21. Re1 Bf5 22. Nf6 Nc5 23. Re3 Bg6 24. Kd4 Rd8 25. g4 c6 26. h4 cxb5 27. f4
b4 28. Bd5 b3 29. f5 Bf7 30. g5 a3 31. bxa3 b2 32. Re1 Ra8 33. g6 Ra4+ 34. Kc3
Bxd5 35. Nxd5 Rxh4 36. f6 Rh3+ 37. Kc4 b5+ 38. Kxb5 Rb3+ 39. Kc6 b1=Q 40. g7+
Kf7 41. Re7+ Kg6 42. g8=Q+ Kf5 43. f7 Ne6 44. Qh7+ 1-0